Quiz da Papua Nova Guiné - Statistics

Estatísticas Gerais
  • Esse quiz foi jogado 414 vezes
  • A pontuação média é 8 de 20
Estatísticas das Respostas
Dica Resposta % Correto
Único país fazendo fronteira com a PNG Indonésia
94%
Línguas oficiais Inglês
90%
A PNG fazia parte deste país antes de 1975 Austrália
80%
Capital da Papua Nova Guiné Port Moresby
71%
Constelação que aparece na bandeira Cruzeiro do Sul
70%
Maior setor da economia Agricultura
59%
País que colonizou a parte norte da PNG entre 1884 e 1919 Alemanha
56%
Subregião da Oceania onde a PNG faz parte {Mela}nésia
53%
Esporte mais popular Rugby league
44%
Mares fronteiriços principais Mar de {Coral}
32%
Esta região votou ser independente em 2019 Bougainville
25%
Mares fronteiriços principais Mar de {Salomão}
25%
Línguas oficiais Tok Pisin
23%
Estreito oceânico separando a PNG com o acima Estreito de {Torres}
22%
Línguas oficiais Hiri Motu
20%
Mares fronteiriços principais Mar de {Bismarck}
19%
Segunda maior cidade Lae
18%
Maior montanha Monte Wilhelm
15%
Segunda maior ilha Nova Bretanha
14%
Rio mais longo da PNG Rio {Fly}
11%
Nenhum quiz correspondente encontrado
Distribuição das Pontuações
Porcentagem de Pessoas com Cada Pontuação
Percentil de Números Respondidos
Sua Pontuação Histórica
Você não jogou esse quiz